Alle "Heim"-Städte Deutschlands - Statistiken

Allgemein
  • Dieses Quiz wurde 918 mal gespielt
  • Das Durchschnittsergebnis liegt bei 24 aus 110
Antwortstatistiken
- Einwohner Stadt BL % Korrekt
-heim 311.831 Mannheim BW
81%
-heim 49.129 Heidenheim an der Brenz BW
70%
-heim 100.319 Hildesheim NI
68%
-heim 170.739 Mülheim an der Ruhr NW
57%
-heim 125.529 Pforzheim BW
54%
-heim 45.197 Weinheim BW
51%
-heim 61.807 Bergheim NW
48%
-heim 63.508 Rosenheim BY
48%
-heim 35.707 Sinsheim BW
47%
-heim 40.954 Kirchheim unter Teck BW
46%
-heim 26.357 Heppenheim (Bergstraße) HE
45%
-heim 66.125 Rüsselsheim am Main HE
44%
-heim 40.629 Bensheim HE
40%
-heim 35.486 Ingelheim am Rhein RP
40%
-heim 32.777 Bad Nauheim HE
37%
-heim 9.921 Rüdesheim am Rhein HE
37%
-heim- 43.137 Bietigheim-Bissingen BW
35%
-heim 34.189 Viernheim HE
35%
-heim 20.716 Germersheim RP
34%
-heim 34.862 Crailsheim BW
33%
-heim 18.576 Bad Dürkheim RP
32%
-heim 24.247 Bad Mergentheim BW
31%
-heim 22.777 Wertheim BW
31%
-heim 32.682 Lampertheim HE
30%
-heim 28.981 Northeim NI
30%
-heim 54.805 Pulheim NW
30%
-heim 28.040 Hattersheim am Main HE
29%
-heim 39.704 Hofheim am Taunus HE
27%
-heim 16.779 Kelheim BY
27%
-heim 48.435 Bornheim NW
26%
-heim 21.620 Hockenheim BW
26%
-heim 19.188 Müllheim BW
26%
-heim 32.433 Forchheim BY
25%
-heim | Heim- 5.469 Heimsheim BW
25%
-heim 28.913 Kelkheim (Taunus) HE
25%
-heim 33.681 Kornwestheim BW
25%
-heim 41.913 Monheim am Rhein NW
25%
-heim 27.357 Griesheim HE
24%
Heim- 4.262 Heimbach NW
24%
-heim 18.310 Hochheim am Main HE
24%
-heim 28.902 Mühlheim am Main HE
24%
-heim 15.948 Bad Bentheim NI
23%
-heim 13.238 Tauberbischofsheim BW
22%
-heim 8.932 Waldheim SN
22%
-heim 9.476 Bad Gandersheim NI
21%
-heim- 7.893 Kirchheimbolanden RP
21%
-heim 15.364 Mindelheim BY
21%
-heim 5.100 Hofheim in Unterfranken BY
20%
-heim 10.772 Gernsheim HE
19%
-heim 16.137 Raunheim HE
19%
-heim 28.896 Unterschleißheim BY
19%
-heim 22.703 Weilheim in Oberbayern BY
19%
-heim 13.397 Bad Dürrheim BW
18%
-heim 3.577 Mühlheim an der Donau BW
18%
-heim 16.385 Reinheim HE
18%
-heim 5.341 Monheim (Schwaben) BY
17%
-heim 3.724 Deidesheim RP
16%
-heim 21.671 Flörsheim am Main HE
16%
-heim 11.515 Geisenheim HE
16%
-heim 22.595 Laupheim BW
16%
-heim 12.371 Bad Windsheim BY
15%
-heim 4.751 Bischofsheim in der Rhön BY
15%
-heim- 11.248 Mülheim-Kärlich RP
15%
-heim 17.872 Pohlheim HE
15%
-heim 15.359 Eppelheim BW
14%
-heim- 16.761 Ginsheim-Gustavsburg HE
14%
-heim 5.706 Kaltennordheim TH
14%
-heim 24.693 Meckenheim NW
14%
-heim 10.269 Weilheim an der Teck BW
14%
-heim 6.650 Uffenheim BY
13%
-heim 6.479 Bad Sobernheim RP
12%
-heim 12.772 Besigheim BW
11%
-heim 6.878 Gau-Algesheim RP
11%
-heim 14.990 Langelsheim NI
11%
-heim 7.386 Leipheim BY
11%
-heim 7.571 Oppenheim RP
11%
-heim 6.853 Reichelsheim (Wetterau) HE
11%
-heim 12.087 Steinheim an der Murr BW
11%
-heim 11.156 Herbolzheim BW
10%
-heim 19.202 Sachsenheim BW
10%
-heim 14.897 Schriesheim BW
10%
-heim 12.572 Steinheim (Westfalen) NW
10%
-heim 7.516 Gundelsheim BW
9%
-heim 6.436 Heitersheim BW
9%
-heim 4.664 Krautheim BW
9%
-heim 8.399 Kuppenheim BW
9%
-heim 2.805 Meisenheim RP
9%
-heim 21.221 Puchheim BY
9%
-heim 5.915 Thalheim/Erzgebirge SN
9%
-heim 4.527 Wachenheim an der Weinstraße RP
9%
-heim 11.219 Welzheim BW
9%
-heim 5.141 Adelsheim BW
8%
-heim 8.238 Bönnigheim BW
8%
-heim 16.219 Brackenheim BW
8%
-heim 13.603 Ettenheim BW
8%
-heim 4.898 Freinsheim RP
8%
-heim 3.209 Hillesheim RP
8%
-heim 5.250 Külsheim BW
8%
-heim 4.111 Neckarbischofsheim BW
8%
-heim 7.978 Neresheim BW
8%
-heim 6.068 Nieheim NW
8%
-heim 3.918 Pappenheim BY
8%
-heim 3.474 Burgbernheim BY
7%
-heim 6.859 Dietenheim BW
7%
-heim 4.787 Lauchheim BW
7%
-heim 19.922 Schopfheim BW
7%
-heim 7.494 Weikersheim BW
7%
-heim 2.280 Mainbernheim BY
6%
-heim 10.820 Rutesheim BW
6%
Keine übereinstimmenden Quizze gefunden
Verteilung der Resultate
Anzahl Personen mit jedem Resultat
Perzentil nach korrekt beantworteten Fragen
Ihre Resultats-Entwicklung
Sie haben dieses Quiz noch nicht gespielt